000 nam a22 a 4500
999 _c440240
_d440240
003 BLK
005 20211215143741.0
008 211215b bu |||||r|||| 00| | bu d
040 _aBLK
041 _aBUL
_cBUL
080 _aБотаника. Вж и 631/635, Ботанически резервати вж 502.7
_b58
_x(075)
_z58(075)
080 _aЗоология. Вж и 636
_b59
_x(075)
_z59(075)
100 _9448363
_aКоцев, Андрей Х.
_eпърви автор
139 _aКоцев, Андрей Х.
245 _aЕстествознание
_bРастения и животни : Учебник за V кл. на средните политехн. у-ща
_cАндрей Коцев, Цоло Пешев
250 _a2. изд.
260 _9403129
_aСофия
_bНародна Просвета
_c1961
300 _a140 с.
_bс ил., 2 л. ил.
_c22 см
380 _a5
500 _a1. изд. 1960. - 125 063 тир.
653 7 _9187058
_aзоология
653 7 _9182340
_aботаника
700 1 _9110540
_aПешев, Цоло Христов
_eсъавт.
852 _aЦб 18520
_bЦб
942 _cKNG
_n0
_s1
944 _aCR
_c2021-12-15
_kГЦ